Opinión Pública (Record no. 7709)

MARC details
000 -LEADER
campo de control de longitud fija 00345nam a2200145Ia 4500
001 - NÚMERO DE CONTROL
campo de control 1468
008 - DATOS DE LONGITUD FIJA--INFORMACIÓN GENERAL
campo de control de longitud fija 241024s9999 xx 000 0 und d
020 ## - NÚMERO INTERNACIONAL ESTÁNDAR DEL LIBRO
Número Internacional Estándar del Libro 978-99934-66-11-6
082 ## - NÚMERO DE LA CLASIFICACIÓN DECIMAL DEWEY
Número de clasificación RD/864.5/P438o
100 ## - ENTRADA PRINCIPAL--NOMBRE DE PERSONA
Nombre de persona Hector Pereyra
245 #0 - MENCIÓN DEL TÍTULO
Título Opinión Pública
260 ## - PUBLICACIÓN, DISTRIBUCIÓN, ETC.
Nombre del editor, distribuidor, etc. Eduprogreso
Fecha de publicación, distribución, etc. 2008
901 ## - ELEMENTOS DE DATOS A LOCAL LDA (RLIN)
a 9/5/2011 3:46:52 p.m.

No items available.

© 2024. Todos los Derechos Reservados. Desarrollado por IDEICE